Model logistického mostu

Základná analýza koncepcie modelu logistického mostu podľa princípov Lean Six Sigma a prehľad jeho kľúčových faktorov.

Uložené v:
Podrobná bibliografia
Hlavný autor: Hrtúsová, Džamila, 1969-
Médium: Kapitola
Jazyk:Slovak
Predmet:
Tagy: Pridať tag
Žiadne tagy, Buďte prvý, kto otaguje tento záznam!

MARC

LEADER 00000nla$a2200000$$$4500
001 0147784
005 20240502072651.6
041 0 |a slo 
044 |a SK 
245 1 0 |a Model logistického mostu  |c Džamila Hrtúsová 
520 |a Základná analýza koncepcie modelu logistického mostu podľa princípov Lean Six Sigma a prehľad jeho kľúčových faktorov. 
610 2 0 |a podnik 
610 2 0 |a manažéri 
610 2 0 |a logistika 
610 2 0 |a financie 
610 2 0 |a informácie 
610 2 0 |a modely logistické 
100 1 |a Hrtúsová, Džamila, 1969-